Meatspace/ (Record no. 54417)

000 -LEADER
fixed length control field 00373nam a22001577a 4500
020 ## - INTERNATIONAL STANDARD BOOK NUMBER
ISBN 9780007582211
082 ## - DEWEY DECIMAL CLASSIFICATION NUMBER
Classification number 823
Item number NIK/M
100 ## - MAIN ENTRY--AUTHOR NAME
Personal name Nikesh Shukla
245 ## - TITLE STATEMENT
Title Meatspace/
Statement of responsibility, etc by Nikesh Shukla
260 ## - PUBLICATION, DISTRIBUTION, ETC. (IMPRINT)
Place of publication London:
Name of publisher The friday Project,
Year of publication 2014.
300 ## - PHYSICAL DESCRIPTION
Number of Pages 294p.
650 ## - SUBJECT ADDED ENTRY--TOPICAL TERM
Topical Term Novel English
650 ## - SUBJECT ADDED ENTRY--TOPICAL TERM
Topical Term Literature English
650 ## - SUBJECT ADDED ENTRY--TOPICAL TERM
Topical Term Literature
942 ## - ADDED ENTRY ELEMENTS (KOHA)
Koha item type Book
Holdings
Withdrawn status Lost status Damaged status Not for loan Permanent Location Current Location Shelving location Date acquired Cost, normal purchase price Full call number Accession Number Price effective from Koha item type
        Sree Sankaracharya University of Sanskrit Sree Sankaracharya University of Sanskrit Stacks 14.07.2015 350.00 823 NIK/M 077086 14.07.2015 Book
        Sree Sankaracharya University of Sanskrit Sree Sankaracharya University of Sanskrit Stacks 28.03.2016 350.00 823 NIK/M 081684 28.03.2016 Book